|
|
|
|
| LEADER |
00836cam a2200217 7i4500 |
| 001 |
0000004226 |
| 005 |
20190502090000.0 |
| 020 |
|
|
|a 9780471208105
|
| 020 |
|
|
|a 0471208108 (hbk.)
|
| 090 |
0 |
0 |
|a TA365.5
|b .H46 2002
|
| 100 |
1 |
|
|a Hemming, Leland H
|
| 245 |
1 |
0 |
|a Electromagnetic anechoic chambers :
|b a fundamental design and specification guide
|c Leland H. Hemming.
|
| 260 |
|
|
|a Piscataway:
|b IEEE Press,
|c 2002.
|
| 300 |
|
|
|a xvi, 220 p.:
|b col. ill.;
|c 26cm.
|
| 504 |
|
|
|a Includes bibliographical references and index
|
| 650 |
0 |
0 |
|a Shielding (Electricity)
|
| 650 |
0 |
0 |
|a Anechoic chambers
|
| 710 |
2 |
|
|a IEEE Antennas and Propagation Society
|
| 710 |
2 |
|
|a IEEE Electromagnetic Compatibility Society
|
| 997 |
|
|
|a Engineering & Life Sciences, Faculty
|b Engineering, Department
|
| 999 |
|
|
|a 0000006010
|b BOK
|c OPEN SHELF
|e 2nd Floor, Bestari Jaya
|